[Event "Hradec Kralove Region-chT 2223"]
[Site "Czech Republic"]
[Date "2023.03.19"]
[Round "10.7"]
[White "Neklapil, Ondrej"]
[Black "Jilek, Marcel"]
[Result "0-1"]
[WhiteElo "1714"]
[BlackElo "1553"]
[PlyCount "46"]
[EventDate "2022.10.09"]
[EventType "team-tourn"]
[EventRounds "11"]
[EventCountry "CZE"]
[SourceTitle "EXT 2024"]
[Source "ChessBase"]
[SourceDate "2023.10.10"]
[SourceVersion "1"]
[SourceVersionDate "2023.10.10"]
[SourceQuality "1"]

1. e4 e5 2. d4 exd4 3. Nf3 Bb4+ 4. c3 dxc3 5. bxc3 Bc5 6. Bc4 Ne7 7. Ne5 d5 8. exd5 Nd7 9. Nxf7 Kxf7 10. d6+ Kf8 11. dxe7+ Qxe7+ 12. Be2 Nf6 13. 0-0 h5 14. Bg5 Qe5 15. Bxf6 gxf6 16. Nd2 Bg4 17. Nf3 Bxf3 18. Bxf3 Bd6 19. g3 h4 20. Qd4 Qg5 21. Qg4 hxg3 22. fxg3 Qh6 23. Qh4 Qe3+ 0-1